书目信息 |
| 题名: |
金融业反思与复兴
|
|
| 作者: | 熊平安 , 秦月星 编著 | |
| 分册: | ||
| 出版信息: | 北京 人民邮电出版社 2009.04 |
|
| 页数: | 211页 | |
| 开本: | 24cm | |
| 丛书名: | ||
| 单 册: | ||
| 中图分类: | F831.59 | |
| 科图分类: | ||
| 主题词: | 金融危机--研究--世界 | |
| 电子资源: | ||
| ISBN: | 978-7-115-20478-3 | |
| 000 | 00920nam0 2200241 450 | |
| 001 | 0011155665 | |
| 005 | 20100601092257.68 | |
| 010 | @a978-7-115-20478-3@dCNY29.80 | |
| 100 | @a20100515d2009 em y0chiy0110 ea | |
| 101 | 0 | @achi |
| 102 | @aCN@b110000 | |
| 105 | @aa a 000yy | |
| 200 | 1 | @a金融业反思与复兴@Ajin rong ye fan si yu fu xing@f熊平安,秦月星编著 |
| 210 | @a北京@c人民邮电出版社@d2009.04 | |
| 215 | @a211页@c图@d24cm | |
| 320 | @a有书目 (第209-210页) | |
| 330 | @a本书通过对2007年开始2008年全面形成的,近几十年来最为严重的金融危机的回顾,分析了危机的源起、爆发的过程以及各国在危机应对时的交锋与协作,对于后危机时代的全球金融业的形势做了展望和预期,同时也指出了中国经济以及中国金融业所面临的挑战与机遇。 | |
| 606 | 0 | @a金融危机@x研究@y世界 |
| 690 | @aF831.59@v4 | |
| 701 | 0 | @a熊平安@Axiong ping an@4编著 |
| 701 | 0 | @a秦月星@Aqin yue xing@4编著 |
| 801 | 0 | @aCN@c20100515 |
| 905 | @dF831.59@eX641@f3 | |
| 金融业反思与复兴/熊平安,秦月星编著.-北京:人民邮电出版社,2009.04 |
| 211页:图;24cm |
| ISBN 978-7-115-20478-3:CNY29.80 |
| 本书通过对2007年开始2008年全面形成的,近几十年来最为严重的金融危机的回顾,分析了危机的源起、爆发的过程以及各国在危机应对时的交锋与协作,对于后危机时代的全球金融业的形势做了展望和预期,同时也指出了中国经济以及中国金融业所面临的挑战与机遇。 |
| ● |
| 相关链接 |
|
|
|
正题名:金融业反思与复兴
索取号:F831.59/X641
 
预约/预借
| 序号 | 登录号 | 条形码 | 馆藏地/架位号 | 状态 | 备注 |
| 1 | 985547 | 209855478 | 社科库409/409社科库 54排1列2层/ [索取号:F831.59/X641] | 在馆 | |
| 2 | 985548 | 209855487 | 社科库409/409社科库 54排1列2层/ [索取号:F831.59/X641] | 在馆 | |
| 3 | 985549 | 209855496 | 社科二线422/409社科库 54排1列2层/ [索取号:F831.59/X641] | 在馆 |